000 00595cam a22002053a 4500
001 33328
003 PGUSA
005 20140828083724.0
008 100802s2010||||xxu|||||s|||||000 | eng d
040 _aPGUSA
_beng
042 _adc
100 1 _aMann, Heinrich,
_d1871-1950
245 1 0 _aFlaubert und die Herkunft des modernen Romans
_h[electronic resource] /
_cHeinrich Mann
260 _bProject Gutenberg,
_c2010
506 _aPublic domain in the USA.
516 _aElectronic text
830 0 _aProject Gutenberg
_v33328
856 4 0 _uhttp://www.gutenberg.org/ebooks/33328
942 _cEB
999 _c262583
_d262583